[Event "COL-ch U18 Girls"]
[Site "Medellin"]
[Date "2022.06.04"]
[Round "6"]
[White "Medina Baquiro, Paula Andrea"]
[Black "Carrillo Riano, Karen Sofia"]
[Result "0-1"]
[WhiteElo "1312"]
[BlackElo "1305"]
[PlyCount "77"]
[EventDate "2022.06.01"]
[EventType "swiss"]
[EventRounds "9"]
[EventCountry "COL"]
[SourceTitle "CBM 208 Extra"]
[Source "ChessBase"]
[SourceDate "2022.07.31"]
[SourceVersion "1"]
[SourceVersionDate "2022.07.31"]
[SourceQuality "1"]

1. e4 c5 2. Nf3 e6 3. d4 cxd4 4. Nxd4 a6 5. a4 Nc6 6. Nc3 Nf6 7. Bc4 Qc7 8. Be3 Bb4 9. f3 Ne5 10. Bb3 Bxc3+ 11. bxc3 Qxc3+ 12. Kf2 0-0 13. g4 Nc4 14. Bxc4 Qxc4 15. g5 Nh5 16. f4 g6 17. Ne2 Qxe4 18. Ng3 Nxg3 19. hxg3 f6 20. gxf6 Rxf6 21. Bd4 Rf7 22. Qd2 e5 23. Bb2 exf4 24. Rae1 fxg3+ 25. Kg1 Qf3 26. Re8+ Rf8 27. Rxf8+ Qxf8 28. Qd5+ Qf7 29. Qxf7+ Kxf7 30. Rxh7+ Ke6 31. Kg2 b5 32. a5 Bb7+ 33. Kxg3 Be4 34. c3 Rf8 35. Ba3 Rf7 36. Rh4 Rf3+ 37. Kg2 Rf4+ 38. Kg3 Rxh4 39. Kxh4 0-1

[Event "COL-ch U16 Girls"]
[Site "Villavicencio"]
[Date "2022.05.11"]
[Round "1"]
[White "Valencia Quinchia, Isabella"]
[Black "Medina Baquiro, Paula Andrea"]
[Result "1-0"]
[WhiteElo "1404"]
[BlackElo "1225"]
[PlyCount "47"]
[EventDate "2022.05.11"]
[EventType "swiss"]
[EventRounds "9"]
[EventCountry "COL"]
[SourceTitle "CBM 208 Extra"]
[Source "ChessBase"]
[SourceDate "2022.07.31"]
[SourceVersion "1"]
[SourceVersionDate "2022.07.31"]
[SourceQuality "1"]

1. e4 c5 2. Nf3 d6 3. d4 cxd4 4. Nxd4 Nf6 5. Nc3 a6 6. h3 e5 7. Nde2 Be7 8. g4 Be6 9. Bg2 b5 10. a3 Nbd7 11. 0-0 Rc8 12. Ng3 Nc5 13. Be3 Qc7 14. g5 Nfd7 15. Nf5 Bxf5 16. exf5 Qd8 17. Qh5 g6 18. Qg4 Nb6 19. f6 Bf8 20. Rad1 Qd7 21. Qe2 Nc4 22. Bc1 Qf5 23. f4 Kd7 24. Bf3 1-0

[Event "COL Subzt 2.3.4 (Women)"]
[Site "Risarald"]
[Date "2021.11.25"]
[Round "4"]
[White "Medina Baquiro, Paula Andrea"]
[Black "Espinel Forero, Aura Maria"]
[Result "0-1"]
[WhiteElo "1231"]
[BlackElo "1567"]
[PlyCount "96"]
[EventDate "2021.11.23"]
[EventType "swiss"]
[EventRounds "9"]
[EventCountry "COL"]
[SourceTitle "CBM 205 Extra"]
[Source "ChessBase"]
[SourceDate "2022.01.31"]
[SourceVersion "1"]
[SourceVersionDate "2022.01.31"]
[SourceQuality "1"]

1. e4 e6 2. d4 d5 3. Nc3 Nf6 4. e5 Nfd7 5. Be3 c5 6. Qd2 cxd4 7. Bxd4 Nc6 8. Bb5 Qc7 9. f4 Nxd4 10. Qxd4 Bc5 11. Qd2 a6 12. Bd3 b5 13. g4 Bb7 14. Nge2 Qb6 15. Rf1 Be3 16. Qd1 Nc5 17. Ng3 b4 18. Nce2 Ne4 19. Bxe4 dxe4 20. c3 Rd8 21. Qa4+ Bc6 22. Qb3 Bd2+ 23. Kd1 Bxc3+ 24. Kc1 Bd2+ 25. Kc2 0-0 26. Rad1 Qa5 27. Kb1 Ba4 28. Qc4 Bxd1 29. Rxd1 e3 30. Ne4 Qd5 31. Qxd5 Rxd5 32. h4 a5 33. h5 h6 34. Nd6 f6 35. Nc4 fxe5 36. Nxe5 a4 37. Ng6 Re8 38. Rf1 Rd6 39. g5 Red8 40. gxh6 Be1 41. Nc1 Bf2 42. h7+ Kxh7 43. Ne5 Rd1 44. Rxd1 Rxd1 45. Ned3 b3 46. axb3 axb3 47. f5 exf5 48. Ne5 e2 0-1

[Event "COL-ch sf (Women)"]
[Site "Santa Rosa"]
[Date "2021.08.14"]
[Round "5"]
[White "Lopez Rayo, Isabella"]
[Black "Medina Baquiro, Paula Andrea"]
[Result "1-0"]
[WhiteElo "1763"]
[BlackElo "1251"]
[PlyCount "53"]
[EventDate "2021.08.12"]
[EventType "swiss"]
[EventRounds "9"]
[EventCountry "COL"]
[SourceTitle "CBM 204 Extra"]
[Source "ChessBase"]
[SourceDate "2021.11.30"]
[SourceVersion "1"]
[SourceVersionDate "2021.11.30"]
[SourceQuality "1"]

1. e4 e5 2. Nf3 Nc6 3. d4 exd4 4. Nxd4 Bc5 5. Be3 Qf6 6. c3 Nge7 7. g3 d5 8. Bg2 dxe4 9. Bxe4 Bh3 10. Nc2 Bxe3 11. Nxe3 0-0 12. Qh5 Qh6 13. Qxh6 gxh6 14. Nd2 f5 15. Bg2 Bxg2 16. Nxg2 Ne5 17. Ke2 Rae8 18. f4 Ng4 19. Kf3 Nd5 20. h3 Ngf6 21. Rhe1 Kf7 22. Rad1 Rg8 23. Nc4 Ne4 24. g4 fxg4+ 25. hxg4 Nef6 26. Ne5+ Kg7 27. g5 1-0

[Event "COL-ch sf (Women)"]
[Site "Santa Rosa"]
[Date "2021.08.14"]
[Round "4"]
[White "Medina Baquiro, Paula Andrea"]
[Black "Munera Garcia, Lina Marcela"]
[Result "1-0"]
[WhiteElo "1251"]
[BlackElo "1322"]
[PlyCount "36"]
[EventDate "2021.08.12"]
[EventType "swiss"]
[EventRounds "9"]
[EventCountry "COL"]
[SourceTitle "CBM 204 Extra"]
[Source "ChessBase"]
[SourceDate "2021.11.30"]
[SourceVersion "1"]
[SourceVersionDate "2021.11.30"]
[SourceQuality "1"]

1. e4 c5 2. Nf3 d6 3. d4 cxd4 4. Nxd4 Nf6 5. Nc3 a6 6. Be3 e5 7. Nb3 Be7 8. Bd3 0-0 9. 0-0 Nbd7 10. Kh1 b6 11. f4 Bb7 12. Nd5 Nxd5 13. exd5 Bxd5 14. Bxh7+ Kxh7 15. Qxd5 Rc8 16. fxe5 Nxe5 17. Bd4 f6 18. Qb7 a5 1-0

[Event "Pan American-ch School U13 Girls"]
[Site "Medellin"]
[Date "2019.11.17"]
[Round "9"]
[White "Medina Baquiro, Paula Andrea"]
[Black "Mollo, Katherine"]
[Result "0-1"]
[WhiteElo "1329"]
[BlackElo "1262"]
[PlyCount "50"]
[EventDate "2019.11.12"]
[EventType "swiss"]
[EventRounds "9"]
[EventCountry "COL"]
[SourceTitle "CBM 193 Extra"]
[Source "ChessBase"]
[SourceDate "2020.01.31"]
[SourceVersion "1"]
[SourceVersionDate "2020.01.31"]
[SourceQuality "1"]

1. e4 c5 2. Nf3 Nc6 3. d4 cxd4 4. Nxd4 g6 5. Nc3 Bg7 6. Be3 Nf6 7. f3 0-0 8. Bc4 d6 9. Qd2 Bd7 10. 0-0-0 a6 11. Bb3 b5 12. a3 Nxd4 13. Bxd4 a5 14. Kb1 b4 15. axb4 axb4 16. Na2 Ba4 17. Qxb4 Bxb3 18. Qxb3 Qa5 19. Rd3 Rfb8 20. Qc4 Rb4 21. Bc3 Rxc4 22. Bxa5 Rxa5 23. Nc3 Rc7 24. Rhd1 Rca7 25. b3 Nxe4 0-1

[Event "Pan American-ch School U13 Girls"]
[Site "Medellin"]
[Date "2019.11.16"]
[Round "7"]
[White "Diaz Charpentier, Ashly Valeri"]
[Black "Medina Baquiro, Paula Andrea"]
[Result "0-1"]
[WhiteElo "1064"]
[BlackElo "1329"]
[PlyCount "94"]
[EventDate "2019.11.12"]
[EventType "swiss"]
[EventRounds "9"]
[EventCountry "COL"]
[SourceTitle "CBM 193 Extra"]
[Source "ChessBase"]
[SourceDate "2020.01.31"]
[SourceVersion "1"]
[SourceVersionDate "2020.01.31"]
[SourceQuality "1"]

1. e4 e5 2. Nf3 Nc6 3. Nc3 Bc5 4. Bc4 d6 5. h3 Nf6 6. d3 h6 7. Be3 Bb6 8. 0-0 0-0 9. Qd2 Be6 10. Bb3 Nh7 11. Rad1 Qf6 12. Kh2 Ba5 13. Qc1 Nd4 14. Bxd4 exd4 15. Nd5 Bxd5 16. Bxd5 c6 17. Bb3 Rfe8 18. a3 Rad8 19. Ba2 Bc7 20. Rde1 Ng5 21. Nxg5 Qxg5 22. Qxg5 hxg5 23. Kh1 g6 24. f4 gxf4 25. Rxf4 Re7 26. Ref1 Rf8 27. R4f3 Kg7 28. h4 Bd8 29. c3 dxc3 30. bxc3 b6 31. Bb1 Re5 32. d4 Ra5 33. c4 Bxh4 34. Rh3 Bf6 35. d5 cxd5 36. exd5 Ra4 37. Ba2 Bb2 38. Rff3 Rh8 39. Rxh8 Kxh8 40. Rxf7 Rxa3 41. Bb1 Ra1 42. Rf1 a5 43. Re1 a4 44. Kg1 a3 45. Kf2 Bc3 46. Rd1 a2 47. Rh1+ Kg7 0-1

[Event "Pan American-ch School U13 Girls"]
[Site "Medellin"]
[Date "2019.11.16"]
[Round "8"]
[White "Ramos Rocha, Natalia"]
[Black "Medina Baquiro, Paula Andrea"]
[Result "0-1"]
[WhiteElo "1186"]
[BlackElo "1329"]
[PlyCount "48"]
[EventDate "2019.11.12"]
[EventType "swiss"]
[EventRounds "9"]
[EventCountry "COL"]
[SourceTitle "CBM 193 Extra"]
[Source "ChessBase"]
[SourceDate "2020.01.31"]
[SourceVersion "1"]
[SourceVersionDate "2020.01.31"]
[SourceQuality "1"]

1. e4 e5 2. Nf3 Nc6 3. Bc4 d6 4. h3 Nf6 5. d3 h6 6. 0-0 Be7 7. Re1 0-0 8. d4 exd4 9. Nxd4 Nxd4 10. Qxd4 Be6 11. Nc3 Qd7 12. Bxe6 fxe6 13. Qd3 Rae8 14. Qg3 Kh7 15. e5 Nd5 16. Qd3+ Kh8 17. Nxd5 exd5 18. exd6 Bxd6 19. Rxe8 Rxe8 20. Be3 a6 21. Rd1 c6 22. Qe2 Qe7 23. Qh5 Qe6 24. b3 Rf8 0-1

[Event "Pan American-ch School U13 Girls"]
[Site "Medellin"]
[Date "2019.11.12"]
[Round "2"]
[White "Bravo Mallco, Kate Azumi"]
[Black "Medina Baquiro, Paula Andrea"]
[Result "1-0"]
[WhiteElo "1874"]
[BlackElo "1329"]
[PlyCount "71"]
[EventDate "2019.11.12"]
[EventType "swiss"]
[EventRounds "9"]
[EventCountry "COL"]
[SourceTitle "CBM 193 Extra"]
[Source "ChessBase"]
[SourceDate "2020.01.31"]
[SourceVersion "1"]
[SourceVersionDate "2020.01.31"]
[SourceQuality "1"]

1. e4 e5 2. Nf3 Nc6 3. Bc4 d6 4. 0-0 Nf6 5. Re1 Bg4 6. h3 Bh5 7. c3 Be7 8. d3 0-0 9. Nbd2 Qd7 10. Bb3 Rfe8 11. Nf1 Rad8 12. Ng3 h6 13. Nxh5 Nxh5 14. Nxe5 Nxe5 15. Qxh5 Bf6 16. Qe2 c6 17. Be3 d5 18. Bxa7 dxe4 19. dxe4 Qd3 20. Bd4 Qxe2 21. Rxe2 Nd7 22. Rd1 c5 23. Bxf6 Nxf6 24. Rxd8 Rxd8 25. e5 Nd7 26. e6 fxe6 27. Bxe6+ Kf8 28. Rd2 Ke7 29. Rxd7+ Rxd7 30. Bxd7 Kxd7 31. f4 Ke6 32. Kf2 c4 33. Ke3 Kd5 34. g4 b5 35. b3 Kc5 36. Ke4 1-0

[Event "COL-ch U1800"]
[Site "Villamaria"]
[Date "2019.11.02"]
[Round "3"]
[White "Medina Baquiro, Paula Andrea"]
[Black "Munoz Guzman, German"]
[Result "1-0"]
[WhiteElo "1329"]
[BlackElo "1671"]
[PlyCount "52"]
[EventDate "2019.11.01"]
[EventType "swiss"]
[EventRounds "7"]
[EventCountry "COL"]
[SourceTitle "CBM 193 Extra"]
[Source "ChessBase"]
[SourceDate "2020.01.31"]
[SourceVersion "1"]
[SourceVersionDate "2020.01.31"]
[SourceQuality "1"]

1. e4 e5 2. Nf3 Nc6 3. Bc4 Bc5 4. c3 d6 5. h3 a6 6. d4 Ba7 7. dxe5 h6 8. Bf4 Be6 9. Bxe6 fxe6 10. exd6 cxd6 11. Qxd6 Qe7 12. 0-0 Bb8 13. Qxe7+ Ngxe7 14. Bxb8 Rxb8 15. Nbd2 0-0 16. Rfe1 Rbd8 17. Nc4 Ng6 18. Rad1 b5 19. Ne3 Nce5 20. Nxe5 Nxe5 21. Rxd8 Rxd8 22. Rd1 Rd3 23. Rxd3 Nxd3 24. Nd1 Kf7 25. Kf1 Kf6 26. Ke2 Nf4+ 1-0

[Event "COL-ch U16 sf1"]
[Site "Duitama"]
[Date "2019.04.12"]
[Round "3.16"]
[White "Medina Baquiro, Paula Andrea"]
[Black "Ramos Rocha, Natalia"]
[Result "1/2-1/2"]
[WhiteElo "1406"]
[BlackElo "1334"]
[PlyCount "31"]
[EventDate "2019.04.11"]
[EventType "swiss"]
[EventRounds "6"]
[EventCountry "COL"]
[SourceTitle "EXT 2024"]
[Source "ChessBase"]
[SourceDate "2023.10.10"]
[SourceVersion "1"]
[SourceVersionDate "2023.10.10"]
[SourceQuality "1"]

1. e4 e5 2. Nf3 Nc6 3. Bc4 Nf6 4. d4 Nxe4 5. 0-0 exd4 6. Re1 d5 7. Bb5 Bd7 8. Bxc6 bxc6 9. Nbd2 Bb4 10. Nxd4 Bxd2 11. Bxd2 0-0 12. Bf4 Qf6 13. Be3 Rfe8 14. f3 Ng5 15. Qd2 h6 16. Qf2 1/2-1/2